zpět

Detail výsledku týmu

The Pub Praha 2 ST, Praha

Datum a čas kvízu

33 Celkem bodů Celkový počet nahraných bodů na tomto kvízu bez doplňovacích otázek.
7. Pořadí na kvízu Konečné umístění týmu na tomto kvízu.

Zaznamenané odpovědi

# Otázka Odpověď Body Výsledky
1. Které novinářské ocenění si v... Cenu Ferdinanda Peroutky 0
2. Co neobvyklého našli lékaři v... dělostřelecký granát 1
3. Minulý týden byl představen tr... Michael 0
4. Do aukční historie se nově zap... Rembrandt (Harmenszoon van Rijn) 1
5. Přestože oficiální zahájení ol... v curlingu 1
6. 29. května roku 1500 umírá pob... Bartolomeu Dias 1
7. 1. ledna 1700 jeden ruský car... Petr I. Veliký 1
8. Za kulatý letopočet budeme dne... Burgtheater 0
9. 19. března 1900 se v Paříži na... Frédéric Joliot-Curie 0
10. Od 15. září do 1. října 2000 s... Štěpánka Hilgertová; Sydney 1